[Event "26. Off. Wuerttembergische Seniorenmst."]
[Site "Freudenstadt"]
[Date "2014.07.16"]
[Round "1.27"]
[White "Scholtyssek, Werner"]
[Black "Fassmann, Kurt"]
[Result "0-1"]
[WhiteElo "1526"]
[BlackElo "1810"]
[Annotator "König,Dirk"]
[PlyCount "25"]
[EventDate "2014.??.??"]
[WhiteTeam "SK Blankenloch 1947 e.V."]
[BlackTeam "TuS Mehlmeisel"]

1. e4 c5 2. Nf3 a6 3. d4 cxd4 4. Bc4 e6 5. Nxd4 Nf6 6. Qe2 Nc6 7. c3 Be7 8. O-O
O-O 9. Nxc6 bxc6 10. Be3 d5 11. exd5 Bd6 12. Nd2 Qe7 13. Nf3 {(0:1, 13 Zuege)}
0-1

[Event "26. Off. Wuerttembergische Seniorenmst."]
[Site "Freudenstadt"]
[Date "2014.07.16"]
[Round "1.28"]
[White "Hinz, Ekkehard"]
[Black "Hoffmann, Peter"]
[Result "1-0"]
[WhiteElo "1810"]
[BlackElo "1521"]
[PlyCount "103"]
[EventDate "2014.??.??"]
[WhiteTeam "SK Großsachsen"]
[BlackTeam "SC Ostfildern 1952 e.V."]

1. e4 c5 2. Nf3 d6 3. d4 cxd4 4. Nxd4 Nf6 5. Nc3 a6 6. Bc4 e6 7. O-O Qc7 8. Bb3
Be7 9. Be3 b5 10. f3 Nbd7 11. a3 Bb7 12. Qd2 Nc5 13. Ba2 O-O 14. b4 Ncd7 15.
Rac1 Rac8 16. Nce2 d5 17. Bf4 e5 18. Nf5 Rfe8 19. Nxe7+ Rxe7 20. Bg5 Qb6+ 21.
Be3 d4 22. Bf2 Qd6 23. c3 Nb6 24. cxd4 Nc4 25. Bxc4 bxc4 26. Qa2 Rec7 27. dxe5
Qe6 28. exf6 Qxf6 29. Bd4 Qg5 30. Rc2 a5 31. Rfc1 Ba6 32. Nc3 axb4 33. axb4 Bb7
34. Qa5 Qxa5 35. bxa5 Ba6 36. Nd5 Rb7 37. Bb6 h6 38. Ne3 Rc6 39. Nxc4 Bxc4 40.
Rxc4 Rcxb6 41. Rc8+ Kh7 42. axb6 Rxb6 43. Kf2 Re6 44. R1c7 Rf6 45. h4 h5 46.
Rf8 Kg6 47. Ke3 Kh7 48. Rfxf7 Rg6 49. Rxg7+ Rxg7 50. Rxg7+ Kxg7 51. e5 Kf7 52.
f4 1-0

[Event "26. Off. Wuerttembergische Seniorenmst."]
[Site "Freudenstadt"]
[Date "2014.07.16"]
[Round "1.29"]
[White "Baeuerle, Horst"]
[Black "Slager, Anton"]
[Result "0-1"]
[WhiteElo "1506"]
[BlackElo "1800"]
[Annotator "König,Dirk"]
[PlyCount "60"]
[EventDate "2014.??.??"]
[WhiteTeam "SK Horb"]
[BlackTeam "SK Randbauer Griesheim"]

1. c4 c5 2. Nc3 Nc6 3. g3 g6 4. Bg2 Bg7 5. Nf3 Nf6 6. O-O O-O 7. Re1 d6 8. a3
Re8 9. e4 Nd7 10. d3 Nde5 11. Nxe5 Nxe5 12. f3 Bd7 13. Rb1 Qc8 14. Be3 Bh3 15.
Bh1 Bd7 16. Bg2 Nc6 17. Ne2 a5 18. b3 Nd8 19. b4 axb4 20. axb4 b6 21. b5 Ne6
22. Qc2 Ra5 23. Bd2 Nd4 24. Nxd4 Bxd4+ 25. Be3 Bg7 26. Bd2 Ra7 27. Bc3 Bh3 28.
Kh1 Be6 29. Bxg7 Kxg7 30. Qc3+ f6 {(0:1, 30 Zuege)} 0-1

[Event "26. Off. Wuerttembergische Seniorenmst."]
[Site "Freudenstadt"]
[Date "2014.07.16"]
[Round "1.30"]
[White "Streiter, Manfred"]
[Black "Janzen, Christian"]
[Result "1-0"]
[WhiteElo "1747"]
[BlackElo "1505"]
[PlyCount "61"]
[EventDate "2014.??.??"]
[WhiteTeam "SGem Vaihingen-Rohr"]
[BlackTeam "TSV Marienfelde 1890 e.V."]

1. Nf3 Nf6 2. g3 b6 3. Bg2 Bb7 4. c4 c5 5. O-O e6 6. d4 cxd4 7. Nxd4 Bxg2 8.
Kxg2 Nc6 9. Nc3 Nxd4 10. Qxd4 Be7 11. Rd1 Qc7 12. Bf4 Qb7+ 13. Kg1 Rd8 14. Nb5
d5 15. Nc7+ Kf8 16. cxd5 Nxd5 17. Nxd5 Rxd5 18. Qc4 Rc5 19. Qb3 e5 20. Be3 Rc8
21. Rac1 Rxc1 22. Rxc1 g5 23. Qb5 Bf6 24. Rd1 Kg7 25. Rd7 Qa8 26. Qb3 Rf8 27.
Qc4 Kg6 28. Bd2 a5 29. Be3 Bd8 30. Qd3+ Kg7 31. Qf5 1-0

[Event "26. Off. Wuerttembergische Seniorenmst."]
[Site "Freudenstadt"]
[Date "2014.07.16"]
[Round "1.32"]
[White "Woisetschlaeger, Adolf"]
[Black "Straesser, Gerda"]
[Result "1-0"]
[WhiteElo "1778"]
[BlackElo "1467"]
[PlyCount "63"]
[EventDate "2014.??.??"]
[WhiteTeam "SC Schwarz-Weiß Zell"]
[BlackTeam "SV Rottweil"]

1. c4 e6 2. g3 Nf6 3. Bg2 d5 4. cxd5 exd5 5. Nf3 Bd6 6. O-O O-O 7. d3 c6 8.
Nbd2 Nbd7 9. a3 Qc7 10. b4 Re8 11. Nb3 h6 12. Bb2 Ne5 13. Rc1 Nxf3+ 14. Bxf3
Be5 15. d4 Bd6 16. Re1 Bg4 17. Bg2 Qd7 18. Nc5 Qe7 19. f3 Bh5 20. Rc3 Rac8 21.
Bc1 Bxc5 22. bxc5 b6 23. Bh3 Nd7 24. cxb6 axb6 25. Qa4 Qd8 26. Qb3 c5 27. Qxd5
cxd4 28. Rxc8 Qxc8 29. Qxh5 d3 30. Bxd7 Qxd7 31. Qb5 Qd4+ 32. e3 1-0

[Event "26. Off. Wuerttembergische Seniorenmst."]
[Site "Freudenstadt"]
[Date "2014.07.16"]
[Round "1.33"]
[White "Fiedler, Joachim"]
[Black "Sukatsch, Manfred"]
[Result "0-1"]
[WhiteElo "1467"]
[BlackElo "1765"]
[PlyCount "147"]
[EventDate "2014.??.??"]
[WhiteTeam "USV TU Dresden"]
[BlackTeam "SC Böblingen 1975 e.V."]

1. d4 Nf6 2. c4 g6 3. Nc3 d5 4. cxd5 Nxd5 5. Nf3 Bg7 6. e3 Nxc3 7. bxc3 O-O 8.
Bc4 c5 9. O-O Nc6 10. a3 Na5 11. Ba2 b6 12. Qe2 Bb7 13. Rb1 Rc8 14. dxc5 Rxc5
15. c4 Be4 16. Rb5 Nb7 17. a4 a6 18. Rxc5 Nxc5 19. Re1 Qa8 20. Ba3 Nxa4 21. Bb4
a5 22. Bd2 Rd8 23. Ng5 Bd3 24. Qf3 Qxf3 25. Nxf3 Be4 26. Nd4 Bxd4 27. exd4 Bc6
28. d5 Ba8 29. Bh6 Rd7 30. h3 Nc5 31. Bg5 Kf8 32. Bh6+ Ke8 33. Rb1 Rb7 34. Be3
Kd7 35. Rb5 a4 36. Kf1 Kd8 37. Ke2 e6 38. dxe6 fxe6 39. Bd4 Kd7 40. f3 Kc6 41.
Bb1 Ra7 42. Kd1 a3 43. Bxc5 bxc5 44. Ba2 Bb7 45. Rb3 Ra4 46. Re3 Kd6 47. f4 Ba6
48. Rd3+ Ke7 49. Rc3 Kf6 50. Kc2 Kf5 51. g3 Bb7 52. Kb3 Ra8 53. Bb1+ Be4 54.
Ba2 h5 55. Rc1 Rd8 56. Kxa3 Rd3+ 57. Ka4 Rxg3 58. Kb5 Ra3 59. Bb1 Rb3+ 60. Kxc5
Rxb1 61. Rc3 Kxf4 62. Kd6 e5 63. c5 Rd1+ 64. Ke6 Bf5+ 65. Ke7 Rd7+ 66. Ke8 Rc7
67. Kd8 Rc8+ 68. Ke7 e4 69. c6 e3 70. Rc4+ Kf3 71. Rc5 e2 72. Rxf5+ gxf5 73.
Kd7 Rxc6 74. Kxc6 0-1

[Event "26. Off. Wuerttembergische Seniorenmst."]
[Site "Freudenstadt"]
[Date "2014.07.16"]
[Round "1.34"]
[White "Zschorsch, Peter"]
[Black "Bartlitz, Heinz"]
[Result "1-0"]
[WhiteElo "1762"]
[BlackElo "1464"]
[PlyCount "105"]
[EventDate "2014.??.??"]
[WhiteTeam "Karlsruher SF 1853"]
[BlackTeam "Bramfelder SK 1947 e.V."]

1. e4 d6 2. d4 Nf6 3. Nc3 c6 4. Nf3 Bg4 5. Be2 e6 6. h3 Bh5 7. Be3 Be7 8. Nd2
Bg6 9. g4 Nbd7 10. Nb3 a6 11. Bf3 Nb6 12. Nd2 Nfd7 13. Ne2 e5 14. Bg2 Bg5 15.
Bxg5 Qxg5 16. c3 O-O 17. O-O h6 18. f4 exf4 19. Nxf4 Rae8 20. Qb3 Kh8 21. Rae1
h5 22. Nxg6+ Qxg6 23. gxh5 Qxh5 24. Rf5 Qg6 25. Ref1 Kg8 26. R1f4 Qe6 27. Qd1
Qh6 28. Qe1 g6 29. Qg3 Re6 30. Nf3 Qg7 31. Ra5 Nf6 32. Qh4 Qh8 33. Qxh8+ Kxh8
34. Ng5 Kg7 35. Nxe6+ fxe6 36. e5 Nfd5 37. Rxf8 Kxf8 38. exd6 Ke8 39. Be4 g5
40. Bc2 Nc4 41. Rc5 Nxb2 42. c4 Ne3 43. Bb3 Nf5 44. d5 Nd3 45. Ra5 exd5 46.
cxd5 Nxd6 47. dxc6 bxc6 48. Rxa6 Kd7 49. Ra7+ Kd8 50. Be6 Ne5 51. Ra5 Nef7 52.
Ra6 Ke7 53. Bxf7 1-0

[Event "26. Off. Wuerttembergische Seniorenmst."]
[Site "Freudenstadt"]
[Date "2014.07.16"]
[Round "1.35"]
[White "Kunze, Manfred"]
[Black "Just, Gabriele"]
[Result "0-1"]
[WhiteElo "1450"]
[BlackElo "1761"]
[PlyCount "84"]
[EventDate "2014.??.??"]
[WhiteTeam "SV Motor Hainichen 1949"]
[BlackTeam "SG Leipzig"]

1. c4 f5 2. Nf3 Nf6 3. Nc3 e6 4. a3 d6 5. d3 a5 6. e4 e5 7. exf5 Bxf5 8. Be2
Nc6 9. O-O Be7 10. Nh4 Qd7 11. Nb5 Be6 12. Nf3 O-O 13. d4 e4 14. d5 exf3 15.
dxe6 fxe2 16. exd7 exd1=Q 17. Rxd1 Rad8 18. Nxc7 Rxd7 19. Nb5 d5 20. cxd5 Rxd5
21. Rxd5 Nxd5 22. b3 Bc5 23. Ra2 Re8 24. Kf1 Ne5 25. Re2 Kf7 26. Bb2 Nd3 27.
Rxe8 Kxe8 28. Bxg7 Nxf2 29. Ke2 Kf7 30. Bh8 Ke6 31. Kf3 Nd3 32. Ke4 Ne1 33. g4
Nf6+ 34. Kf4 Nc2 35. Nc7+ Kf7 36. Bxf6 Kxf6 37. Nd5+ Ke6 38. Nc7+ Kd7 39. Nd5
Ke6 40. Nc7+ Kf7 41. b4 axb4 42. axb4 Bd6+ 0-1

[Event "26. Off. Wuerttembergische Seniorenmst."]
[Site "Freudenstadt"]
[Date "2014.07.16"]
[Round "1.39"]
[White "Kromer, Thomas"]
[Black "Stuiber, Ingeborg"]
[Result "1-0"]
[WhiteElo "1745"]
[BlackElo "1079"]
[PlyCount "45"]
[EventDate "2014.??.??"]
[WhiteTeam "SF Riedlingen"]
[BlackTeam "SK Turm Euskirchen 65"]

1. e4 d5 2. exd5 Qxd5 3. Nc3 Qd8 4. d4 Nf6 5. Bd3 e6 6. Nf3 Be7 7. O-O O-O 8.
Re1 a6 9. Ne4 Nbd7 10. Qe2 Nxe4 11. Qxe4 Nf6 12. Qh4 h6 13. a3 b5 14. Bxh6 Nd5
15. Qg4 Bf6 16. Qe4 Re8 17. Bd2 g6 18. h4 Bb7 19. h5 gxh5 20. Bh6 Bg7 21. Qh7+
Kf8 22. Qxg7+ Ke7 23. Bg5+ 1-0

[Event "26. Off. Wuerttembergische Seniorenmst."]
[Site "Freudenstadt"]
[Date "2014.07.17"]
[Round "2.2"]
[White "Wolf, Walter"]
[Black "Schmidt, Eugen"]
[Result "1-0"]
[WhiteElo "2121"]
[BlackElo "1835"]
[PlyCount "73"]
[EventDate "2014.??.??"]
[WhiteTeam "Stuttgarter SF 1879"]
[BlackTeam "SF Oos e.V."]

1. e4 d6 2. d4 Nf6 3. Nc3 g6 4. Bg5 Bg7 5. f4 c6 6. Qd2 b5 7. a3 a5 8. Nf3 Ba6
9. e5 b4 10. exf6 exf6 11. Bh4 bxc3 12. Qxc3 Bxf1 13. Rxf1 O-O 14. Kf2 Qb6 15.
Kg1 Nd7 16. a4 f5 17. Ra3 Nf6 18. Rb3 Qc7 19. Bxf6 Bxf6 20. Qd2 Rfb8 21. Rxb8+
Rxb8 22. b3 c5 23. dxc5 dxc5 24. Qe3 c4 25. Rd1 cxb3 26. cxb3 Qc2 27. Rd3 Rc8
28. Ne5 Be7 29. Nd7 Bb4 30. h3 Bc3 31. Kh2 Bg7 32. Nb6 Rf8 33. Nc4 Ra8 34. Qf3
Ra7 35. Rd8+ Bf8 36. Qe3 Re7 37. Qxe7 1-0

[Event "26. Off. Wuerttembergische Seniorenmst."]
[Site "Freudenstadt"]
[Date "2014.07.17"]
[Round "2.3"]
[White "Fassmann, Kurt"]
[Black "Szenetra, Werner"]
[Result "1-0"]
[WhiteElo "1810"]
[BlackElo "2094"]
[PlyCount "97"]
[EventDate "2014.??.??"]
[WhiteTeam "TuS Mehlmeisel"]
[BlackTeam "SV Berenbostel"]

1. d4 g6 2. e4 Bg7 3. Nf3 d6 4. c3 Nd7 5. Be3 Ngf6 6. Bd3 b6 7. O-O Bb7 8. Nbd2
h6 9. Qc2 e5 10. Rad1 O-O 11. Nc4 Qe7 12. dxe5 dxe5 13. Nfd2 Nc5 14. f3 Nxd3
15. Qxd3 Rad8 16. Qc2 Rd7 17. Nb1 Rfd8 18. Rxd7 Rxd7 19. Rd1 Qe6 20. Rxd7 Nxd7
21. b3 a5 22. Qd2 Kh7 23. Nba3 Ba6 24. h3 Bf8 25. Nc2 Bxc4 26. bxc4 Bc5 27. Qd5
c6 28. Qxe6 fxe6 29. Kf2 g5 30. Ke2 Kg6 31. g4 Bxe3 32. Kxe3 Kf6 33. Kd2 Ke7
34. Ne1 Kd6 35. Nd3 Nf8 36. c5+ bxc5 37. Nb2 Kc7 38. Nc4 Nd7 39. Nxa5 Nb6 40.
Kd3 Kd7 41. Nc4 Na4 42. Nxe5+ Kd6 43. Nf7+ Ke7 44. Ne5 Kd6 45. Nc4+ Kc7 46. Kc2
Nb6 47. Nxb6 Kxb6 48. Kb3 Kb5 49. a4+ 1-0

[Event "26. Off. Wuerttembergische Seniorenmst."]
[Site "Freudenstadt"]
[Date "2014.07.17"]
[Round "2.4"]
[White "Slager, Anton"]
[Black "Lang, Ferdinand"]
[Result "0-1"]
[WhiteElo "1800"]
[BlackElo "2051"]
[PlyCount "78"]
[EventDate "2014.??.??"]
[WhiteTeam "SK Randbauer Griesheim"]
[BlackTeam "TSV Willsbach"]

1. e4 e5 2. Nf3 Nc6 3. Bc4 Nf6 4. d3 Bc5 5. a3 d6 6. c3 h6 7. O-O O-O 8. h3 Bb6
9. Re1 Re8 10. Nbd2 Be6 11. Bb5 Bd7 12. Bc4 Na5 13. Ba2 c5 14. Nf1 Nc6 15. Ne3
Be6 16. Bb1 d5 17. exd5 Nxd5 18. Nc4 f6 19. Qc2 Bf5 20. Qb3 Kh8 21. Qd1 Qd7 22.
Ne3 Bh7 23. Nc4 Rad8 24. b3 Nxc3 25. Nxb6 axb6 26. Qd2 Nxb1 27. Rxb1 Qxd3 28.
Rb2 Qf5 29. Qc3 Qh5 30. Rd2 Nd4 31. Nh2 Qf7 32. Rb2 Qd5 33. Ng4 Nb5 34. Qg3 Qd3
35. Be3 Qc3 36. Rbe2 Nd4 37. Ra2 Qxe1+ 38. Kh2 Nf5 39. Qf3 Rd1 0-1

[Event "26. Off. Wuerttembergische Seniorenmst."]
[Site "Freudenstadt"]
[Date "2014.07.17"]
[Round "2.5"]
[White "Weisenburger, Horst"]
[Black "Hinz, Ekkehard"]
[Result "1-0"]
[WhiteElo "2028"]
[BlackElo "1810"]
[PlyCount "57"]
[EventDate "2014.??.??"]
[WhiteTeam "SC Böblingen 1975 e.V."]
[BlackTeam "SK Großsachsen"]

1. g3 e5 2. Bg2 Nc6 3. c4 Nge7 4. Nc3 d6 5. Nf3 g6 6. O-O Bg7 7. d3 O-O 8. Bd2
f5 9. Qc1 Nd4 10. b4 Ne6 11. Ng5 f4 12. Nxe6 Bxe6 13. Bxb7 Rb8 14. Bg2 fxg3 15.
fxg3 Rxf1+ 16. Qxf1 Qd7 17. Qf2 c6 18. Rf1 d5 19. Na4 Rf8 20. Qe1 Bh3 21. Nc5
Qg4 22. Rxf8+ Bxf8 23. Bxh3 Qxh3 24. Qf2 Bg7 25. Bg5 Nf5 26. Ne6 d4 27. Qf3 h6
28. Qxc6 hxg5 29. Qe8+ 1-0

[Event "26. Off. Wuerttembergische Seniorenmst."]
[Site "Freudenstadt"]
[Date "2014.07.17"]
[Round "2.6"]
[White "Sukatsch, Manfred"]
[Black "Haselhorst, Helmut"]
[Result "0-1"]
[WhiteElo "1765"]
[BlackElo "2023"]
[PlyCount "83"]
[EventDate "2014.??.??"]
[WhiteTeam "SC Böblingen 1975 e.V."]
[BlackTeam "SC Steinfurt 1996 e.V."]

1. c4 Nf6 2. Nc3 g6 3. Nf3 Bg7 4. d4 O-O 5. e4 d6 6. Be2 Bg4 7. O-O Nfd7 8. Ne1
Bxe2 9. Nxe2 Nc6 10. Rb1 e5 11. d5 Ne7 12. f3 f5 13. Be3 Kh8 14. b4 Ng8 15.
exf5 gxf5 16. f4 Nh6 17. h3 Qf6 18. Rc1 Rf7 19. Nf3 Nf8 20. Qd2 a6 21. Ng3 Qg6
22. Kh2 Re8 23. c5 Ng8 24. Rc4 Bf6 25. fxe5 dxe5 26. Ne2 f4 27. Bg1 Rg7 28. Ne1
Bh4 29. Bf2 Bxf2 30. Rxf2 Nf6 31. Rf3 Ne4 32. Qc2 Ng5 33. Ra3 Qh5 34. Nf3 Nxf3+
35. Rxf3 Ng6 36. Qe4 Reg8 37. g4 Qg5 38. c6 b5 39. Rc1 Nh4 40. Rfc3 h5 41. Rg1
f3 42. Ng3 0-1

[Event "26. Off. Wuerttembergische Seniorenmst."]
[Site "Freudenstadt"]
[Date "2014.07.17"]
[Round "2.7"]
[White "Reinhold, Klaus"]
[Black "Storkebaum, Karl-Heinrich"]
[Result "1-0"]
[WhiteElo "1938"]
[BlackElo "1758"]
[PlyCount "59"]
[EventDate "2014.??.??"]
[WhiteTeam "SC Gronau 1920 e.V."]
[BlackTeam "SAbt TEC Darmstadt"]

1. d4 Nf6 2. c4 e6 3. Nf3 d5 4. Nc3 b6 5. cxd5 exd5 6. Bg5 Be7 7. e3 O-O 8. Bd3
Bb7 9. O-O Nbd7 10. Rc1 a6 11. Ne2 c5 12. Ng3 Ne4 13. Bxe7 Qxe7 14. dxc5 bxc5
15. Bxe4 dxe4 16. Nd2 Nf6 17. Qc2 Rac8 18. Nc4 g6 19. Rfd1 Rfd8 20. h3 Rxd1+
21. Rxd1 Rd8 22. b3 Rxd1+ 23. Qxd1 Nd5 24. Qd2 f5 25. Ne2 Nb4 26. Qd6 Qxd6 27.
Nxd6 Bc6 28. Nc3 Kf8 29. Kf1 Ke7 30. Nc8+ 1-0

[Event "26. Off. Wuerttembergische Seniorenmst."]
[Site "Freudenstadt"]
[Date "2014.07.17"]
[Round "2.8"]
[White "Pape, Manfred"]
[Black "Streiter, Manfred"]
[Result "1/2-1/2"]
[WhiteElo "2019"]
[BlackElo "1747"]
[PlyCount "76"]
[EventDate "2014.??.??"]
[WhiteTeam "SK Bad Harzburg"]
[BlackTeam "SGem Vaihingen-Rohr"]

1. d4 Nf6 2. Nc3 d5 3. Bg5 c6 4. Bxf6 exf6 5. e3 Bf5 6. Bd3 Bxd3 7. Qxd3 Qb6 8.
Nge2 Bb4 9. O-O O-O 10. e4 dxe4 11. Nxe4 f5 12. N4g3 g6 13. c4 Be7 14. Rfe1 Bf6
15. Nxf5 gxf5 16. Qxf5 Bg7 17. Ng3 c5 18. Re4 Kh8 19. Nh5 Qg6 20. Nxg7 Qxg7 21.
Rg4 Qh6 22. d5 Na6 23. Re1 Rae8 24. Rge4 Rxe4 25. Qxe4 Qf6 26. Qe7 Kg7 27. Qe2
Nc7 28. Qg4+ Kh8 29. Qd7 Qd8 30. Qf5 Ne8 31. g3 Ng7 32. Qf4 Re8 33. Rxe8+ Qxe8
34. Qc7 Qe1+ 35. Kg2 Qe4+ 36. Kg1 Qe1+ 37. Kg2 Qe4+ 38. Kg1 Qe1+ 1/2-1/2

[Event "26. Off. Wuerttembergische Seniorenmst."]
[Site "Freudenstadt"]
[Date "2014.07.17"]
[Round "2.9"]
[White "Just, Gabriele"]
[Black "Gollasch, Theo-Heinz"]
[Result "0-1"]
[WhiteElo "1761"]
[BlackElo "1996"]
[PlyCount "118"]
[EventDate "2014.??.??"]
[WhiteTeam "SG Leipzig"]
[BlackTeam "Hamburger SK von 1830 eV"]

1. d4 d5 2. Nf3 Nf6 3. Bg5 e6 4. Nbd2 Be7 5. e3 O-O 6. Bd3 h6 7. Bxf6 Bxf6 8.
O-O c5 9. c3 b6 10. Qe2 Nc6 11. Bb5 Qc7 12. Bxc6 Qxc6 13. Ne5 Bxe5 14. dxe5 a5
15. Rfd1 Ba6 16. Qg4 Bd3 17. f4 b5 18. Nf3 Be2 19. Rd2 Bxf3 20. Qxf3 Ra6 21.
Rad1 f5 22. h3 b4 23. cxb4 axb4 24. b3 Rfa8 25. Qe2 Qb6 26. Rc2 Qa7 27. Rdd2
Rc8 28. Kf2 Rac6 29. Qb5 Qb6 30. Qxb6 Rxb6 31. Rd1 Kf7 32. Rdc1 Rbc6 33. Ke2 c4
34. Kd2 c3+ 35. Kd3 Ra8 36. Rf1 Rca6 37. Rff2 R6a7 38. g4 Kg6 39. Rg2 fxg4 40.
hxg4 Kf7 41. Kd4 g6 42. Rh2 Rh8 43. Kc5 Rb7 44. Kc6 Rbb8 45. Kc5 h5 46. Rcg2
hxg4 47. Rxh8 Rxh8 48. Kxb4 Rc8 49. Rc2 g5 50. a4 Kg6 51. Ka3 gxf4 52. exf4 Kf5
53. b4 d4 54. Kb3 Kxf4 55. a5 g3 56. b5 Kf3 57. a6 g2 58. Rxg2 Kxg2 59. b6 c2
0-1

[Event "26. Off. Wuerttembergische Seniorenmst."]
[Site "Freudenstadt"]
[Date "2014.07.17"]
[Round "2.10"]
[White "Schmieder, Siegfried"]
[Black "Woisetschlaeger, Adolf"]
[Result "1-0"]
[WhiteElo "1962"]
[BlackElo "1778"]
[PlyCount "53"]
[EventDate "2014.??.??"]
[WhiteTeam "SG Schwäbisch Gmünd 1872 e.V"]
[BlackTeam "SC Schwarz-Weiß Zell"]

1. e4 e6 2. d4 d5 3. e5 c5 4. c3 cxd4 5. cxd4 Bb4+ 6. Nc3 Nc6 7. Qg4 g6 8. Nf3
f5 9. Qf4 h6 10. h4 g5 11. hxg5 hxg5 12. Rxh8 gxf4 13. Rxg8+ Bf8 14. Bxf4 Kf7
15. Rh8 Qb6 16. O-O-O Kg7 17. Rh3 Be7 18. Be2 Bd7 19. Rdh1 Rg8 20. Rg3+ Kf8 21.
Bh6+ Kf7 22. Ng5+ Bxg5+ 23. Bxg5 Ne7 24. Rh7+ Rg7 25. Rxg7+ Kxg7 26. Bxe7+ Kh7
27. Bf6 1-0

[Event "26. Off. Wuerttembergische Seniorenmst."]
[Site "Freudenstadt"]
[Date "2014.07.17"]
[Round "2.12"]
[White "Hoeschele, Hans-Ulrich"]
[Black "Zschorsch, Peter"]
[Result "1-0"]
[WhiteElo "1948"]
[BlackElo "1762"]
[PlyCount "85"]
[EventDate "2014.??.??"]
[WhiteTeam "Stuttgarter SF 1879"]
[BlackTeam "Karlsruher SF 1853"]

1. d4 Nf6 2. c4 c5 3. Nf3 cxd4 4. Nxd4 Nc6 5. Nc3 a6 6. e3 g6 7. Be2 Bg7 8. Nc2
d6 9. e4 Qc7 10. O-O Ne5 11. Ne3 O-O 12. Bd2 e6 13. Rc1 Nc6 14. b3 b6 15. Bd3
Bb7 16. Ncd5 Qd8 17. Nxf6+ Bxf6 18. Bb1 Bg7 19. f4 a5 20. Kh1 Rc8 21. Qg4 Nd4
22. f5 Rc5 23. Rce1 Kh8 24. Qh3 exf5 25. exf5 Kg8 26. Ng4 Bc8 27. fxg6 fxg6 28.
Nh6+ Bxh6 29. Qxh6 Rh5 30. Rxf8+ Qxf8 31. Qxf8+ Kxf8 32. Bf4 Nf5 33. Be4 Nd4
34. Bxd6+ Kg7 35. Bd5 Kf6 36. Rf1+ Rf5 37. Rxf5+ gxf5 38. Bc7 b5 39. Bxa5 bxc4
40. Bxc4 Nc6 41. Bc3+ Kg5 42. Kg1 Kf4 43. Kf2 1-0

[Event "26. Off. Wuerttembergische Seniorenmst."]
[Site "Freudenstadt"]
[Date "2014.07.17"]
[Round "2.13"]
[White "Just, Joachim"]
[Black "Stuiber, Wilhelm"]
[Result "1-0"]
[WhiteElo "1878"]
[BlackElo "1751"]
[PlyCount "141"]
[EventDate "2014.??.??"]
[WhiteTeam "SV Motor Zeitz"]
[BlackTeam "SK Turm Euskirchen 65"]

1. c4 e6 2. g3 d5 3. d4 f5 4. cxd5 exd5 5. Nf3 Nf6 6. Bg2 Bd6 7. Nc3 c6 8. Qb3
Qb6 9. O-O O-O 10. Qc2 Ne4 11. Bf4 Qc7 12. Nb5 Qd7 13. Nxd6 Nxd6 14. Bxd6 Qxd6
15. e3 Be6 16. Ne5 Nd7 17. Nxd7 Qxd7 18. b4 g5 19. f4 g4 20. h3 h5 21. h4 Rac8
22. Rfc1 b6 23. Bf1 Qd6 24. Qa4 Rc7 25. Rc3 Bd7 26. Qb3 c5 27. Rac1 c4 28. Qb1
b5 29. Bd3 Qe6 30. Bc2 Kg7 31. Kf2 Kf6 32. Qb2 Qd6 33. Ra3 Bc8 34. Bb1 Re8 35.
Rcc3 Qb6 36. Ra5 Re6 37. Qc2 Rd6 38. Rca3 Be6 39. Rc3 Qb7 40. Rca3 Qb6 41. Qc3
Bc8 42. Qd2 a6 43. Rc3 Rb7 44. Bc2 Qd8 45. Qc1 Re7 46. Qb1 Rb6 47. Ke2 Qe8 48.
Kd2 Rbe6 49. Raa3 Rb6 50. Qh1 Qd7 51. Ra5 Qd6 52. Qb1 Be6 53. Qb2 Bc8 54. Qa3
Reb7 55. Ke2 Re7 56. Kf2 Bd7 57. Qb2 Qb8 58. Qb1 Qd6 59. a3 Re8 60. Qh1 Reb8
61. Qe1 Be6 62. Qd2 Qe7 63. Bd1 Qd6 64. Be2 Qe7 65. Bf1 Qd6 66. Bg2 Qc6 67. Rc1
Rc8 68. Qc3 Qd6 69. Re1 Bd7 70. Re2 Bc6 71. Ra2 1-0

[Event "26. Off. Wuerttembergische Seniorenmst."]
[Site "Freudenstadt"]
[Date "2014.07.17"]
[Round "2.14"]
[White "Riegler, Markus"]
[Black "Juergens, Peter"]
[Result "1/2-1/2"]
[WhiteElo "1596"]
[BlackElo "1871"]
[PlyCount "39"]
[EventDate "2014.??.??"]
[WhiteTeam "SK Mannheim-Lindenhof 1865"]
[BlackTeam "SC Tempo Göttingen"]

1. c4 Nf6 2. Nc3 e6 3. g3 d5 4. d4 Be7 5. Bg5 O-O 6. Bxf6 Bxf6 7. cxd5 exd5 8.
Bg2 c6 9. Nf3 Qb6 10. Qd2 Bf5 11. e3 Nd7 12. O-O a5 13. Ne1 Qb3 14. axb3 Nb6
15. Nd3 Bxd3 16. Qxd3 Rfe8 17. Rab1 g6 18. h4 Bxd4 19. Bf3 h5 20. Qxd4 1/2-1/2

[Event "26. Off. Wuerttembergische Seniorenmst."]
[Site "Freudenstadt"]
[Date "2014.07.17"]
[Round "2.15"]
[White "Gerhardt, Peter-Michael"]
[Black "Kromer, Thomas"]
[Result "1/2-1/2"]
[WhiteElo "1861"]
[BlackElo "1745"]
[PlyCount "39"]
[EventDate "2014.??.??"]
[WhiteTeam "SC Vahr"]
[BlackTeam "SF Riedlingen"]

1. d4 Nf6 2. c4 g6 3. Nc3 d5 4. Nf3 Bg7 5. e3 O-O 6. Be2 c5 7. O-O dxc4 8. Bxc4
cxd4 9. Nxd4 a6 10. a4 e5 11. Nf3 Nc6 12. Qc2 Qe7 13. e4 Nd4 14. Nxd4 exd4 15.
Nd5 Nxd5 16. Bxd5 Be6 17. Bxe6 Qxe6 18. Qd3 Rfe8 19. Bd2 Qxe4 20. Rfe1 1/2-1/2

[Event "26. Off. Wuerttembergische Seniorenmst."]
[Site "Freudenstadt"]
[Date "2014.07.17"]
[Round "2.16"]
[White "Braeunlin, Klaus"]
[Black "Braun, Gerhard"]
[Result "1-0"]
[WhiteElo "2063"]
[BlackElo "1483"]
[PlyCount "73"]
[EventDate "2014.??.??"]
[WhiteTeam "TG Biberach"]
[BlackTeam "SV Nagold"]

1. e4 d6 2. d4 e6 3. Nc3 Nf6 4. Be2 a6 5. g4 b5 6. g5 Nbd7 7. a3 Be7 8. h4 Bb7
9. Rh3 c5 10. d5 e5 11. Rg3 c4 12. Be3 Qc7 13. Qd2 Nc5 14. Bg4 Nfd7 15. Nge2
Nb6 16. f3 h5 17. Bh3 Nba4 18. Nxa4 Nxa4 19. Rb1 g6 20. f4 exf4 21. Bxf4 O-O
22. Be3 Bc8 23. Bg2 Bg4 24. Nd4 Nxb2 25. Nc6 Na4 26. Bd4 Rfe8 27. Qf4 Bd8 28.
Kf2 Rf8 29. Kg1 Bd7 30. Nxd8 Qxd8 31. Qxd6 Bg4 32. Qe5 f6 33. gxf6 Rf7 34. Qg5
Kh7 35. Rf1 Nb6 36. Be3 Rxf6 37. Rxf6 1-0

[Event "26. Off. Wuerttembergische Seniorenmst."]
[Site "Freudenstadt"]
[Date "2014.07.17"]
[Round "2.17"]
[White "Trefzer, Erhard"]
[Black "Philippin, Otto"]
[Result "1/2-1/2"]
[WhiteElo "1936"]
[BlackElo "1718"]
[PlyCount "56"]
[EventDate "2014.??.??"]
[WhiteTeam "SV Besigheim"]
[BlackTeam "SVG Vaihingen/Enz"]

1. e4 e5 2. Nf3 Nc6 3. Bc4 Nf6 4. d3 Bc5 5. c3 Qe7 6. b4 Bb6 7. a4 a5 8. b5 Nd8
9. O-O d6 10. h3 O-O 11. Be3 Be6 12. Bxe6 fxe6 13. Bxb6 cxb6 14. Nbd2 Qc7 15.
Qb3 Rc8 16. Rac1 Nh5 17. g3 Rf6 18. d4 Nf7 19. Kg2 g5 20. Nh2 Ng7 21. g4 Nh8
22. Nhf3 h6 23. Rfe1 Ng6 24. Re3 Rcf8 25. Rf1 Qf7 26. dxe5 dxe5 27. c4 Rf4 28.
Qb2 Qf6 1/2-1/2

[Event "26. Off. Wuerttembergische Seniorenmst."]
[Site "Freudenstadt"]
[Date "2014.07.17"]
[Round "2.18"]
[White "Schuetze, Manfred"]
[Black "Pfitzer, Norbert"]
[Result "0-1"]
[WhiteElo "1615"]
[BlackElo "1928"]
[PlyCount "76"]
[EventDate "2014.??.??"]
[WhiteTeam "SV Blau-Rot Pratau"]
[BlackTeam "SV Aalen-Ellwangen e.V."]

1. e4 d6 2. d4 Nf6 3. Nc3 g6 4. Nf3 Bg7 5. Be2 c5 6. d5 O-O 7. O-O a6 8. a4
Nbd7 9. h3 b6 10. Bf4 Bb7 11. Re1 Qc7 12. Qd2 Ne5 13. Nxe5 dxe5 14. Bh6 Rad8
15. Bxg7 Kxg7 16. Qe3 Bc8 17. Rad1 Ne8 18. Bf1 f6 19. b3 Nd6 20. f4 Nf7 21. g3
Kh8 22. Kh2 exf4 23. Qxf4 Ne5 24. Bg2 Qd6 25. Qe3 Rg8 26. Rd2 g5 27. Kh1 Rg6
28. Ne2 Rh6 29. Ng1 Rg8 30. Bf1 Rgg6 31. Rh2 g4 32. h4 Nf3 33. Nxf3 gxf3 34.
Qxf3 Rxg3 35. Qf2 Rhg6 36. Bd3 Qe5 37. Rf1 Bg4 38. Re1 Bf3+ 0-1